000 00805nam a2200217 a 4500
001 000046940
005 20201002053228.0
008 180409s2017 dr a 000 0 spa d
020 _a9789945502022
040 _aDO-SdBNP
_bspa
_cBNPHU
082 _axxxx
_bS211q
100 1 _aSánchez, Jhoan
_974856
245 1 0 _a¡Qué el señor reprenda al diablo! :
_bJhoan Sánchez ; prólogo Jhon Ánlvarez.
246 1 0 _a¿culpable yo ?
_b¡Qué el señor reprenda al diablo! "aplicando leyes espirituales a principios administrativos"
260 _aSanto Domingo :
_bs. n,
_c2017.
300 _a49 p. :
_bil. ;
_c20 cm.
500 _aIncluye datos biográficos del autor en la contracubierta.
504 _aBibliografía: p. 49
590 _aInventariado, 2020 /LP
700 1 _aÁnlvarez, Jhon,
_epról.
_974857
999 _c46428
_d46428